[Event "76th ch-RUS 2023"]
[Site "St Petersburg RUS"]
[Date "2023.10.09"]
[Round "8.6"]
[White "Rozum, Ivan"]
[Black "Lagno, Kateryna"]
[Result "1-0"]
[WhiteTitle "GM"]
[BlackTitle "GM"]
[WhiteElo "2531"]
[BlackElo "2546"]
[WhiteFideId "24104272"]
[BlackFideId "14109336"]
[EventDate "2023.10.01"]

1. Nf3 d5 2. g3 Nf6 3. Bg2 c5 4. O-O Nc6 5. d4 cxd4 6. Nxd4 h6 7. c4 e5 8. Nxc6
bxc6 9. Nc3 d4 10. Ne4 Nxe4 11. Bxe4 Bd7 12. e3 Bc5 13. b4 Bxb4 14. exd4 O-O 15.
Rb1 Bc3 16. Ba3 Re8 17. d5 cxd5 18. Bxd5 Be6 19. Qf3 Bxd5 20. cxd5 Bd4 21. Rb7
f5 22. Rc1 e4 23. Qxf5 e3 24. Kg2 exf2 25. d6 Re1 26. Qd5+ Kh8 27. Rf7 Rg1+ 28.
Kh3 Bf6 29. Qf3 Rxc1 30. Bxc1 f1=Q+ 31. Qxf1 Qxd6 32. Qf5 Bd4 33. Bf4 Qc6 34.
Rd7 Bf6 35. Bxh6 Re8 36. Bf4 Kg8 37. Rd6 Qc8 38. Qxc8 Rxc8 39. Ra6 Bd4 40. Kg4
Rc4 41. Kf5 Bb6 42. Bb8 Bg1 43. h3 Rc8 44. Be5 Kh7 45. Rd6 Rf8+ 46. Ke4 Rf7 47.
g4 Re7 48. Kd5 Bf2 49. Re6 Rb7 50. Ke4 Bh4 51. Ra6 Bf2 52. Rc6 Rb4+ 53. Kf3 Bd4
54. Bxd4 Rxd4 55. Ra6 Rd3+ 56. Kg2 Rd7 57. h4 Rc7 58. h5 Rc4 59. Kg3 Rc3+ 60.
Kh4 Rc7 61. a4 Rd7 62. a5 Rc7 63. Rg6 Rc5 64. a6 Rc3 65. Kg5 Rf3 66. Rd6 Rf7 67.
Rc6 Rd7 68. Kf5 Rd5+ 69. Ke4 Rg5 70. Kf4 Ra5 71. Rg6 Ra4+ 72. Ke5 Ra5+ 73. Kd4
Rb5 74. Kc4 Ra5 75. Kb4 Ra1 76. Kb5 Ra2 77. Rd6 Rg2 78. Kc6 Rb2 79. Kc7 Rb5 80.
Kc8 Rb4 81. Rd7 Rxg4 82. Rxa7 Ra4 83. Kb7 Kh6 84. Kb6 Rb4+ 85. Ka5 Rh4 86. Rb7
Rxh5+ 87. Rb5 Rh1 88. a7 Rf1 89. Kb4 Rb1+ 90. Kc5 Rc1+ 91. Kb6 Rc8 92. Kb7 Rf8
93. Ra5 g5 94. a8=Q Rxa8 95. Rxa8 Kh5 96. Kc6 g4 97. Kd5 1-0

[Event "76th ch-RUS 2023"]
[Site "St Petersburg RUS"]
[Date "2023.10.10"]
[Round "9.1"]
[White "Lagno, Kateryna"]
[Black "Ponkratov, Pavel"]
[Result "1/2-1/2"]
[WhiteTitle "GM"]
[BlackTitle "GM"]
[WhiteElo "2546"]
[BlackElo "2595"]
[WhiteFideId "14109336"]
[BlackFideId "4157800"]
[EventDate "2023.10.01"]

1. e4 c5 2. Nf3 e6 3. d4 cxd4 4. Nxd4 Nc6 5. Nc3 Qc7 6. Nxc6 bxc6 7. Bd3 Nf6 8.
Qe2 Bd6 9. h3 Rb8 10. O-O O-O 11. b3 Be5 12. Bd2 d5 13. Rae1 Nd7 14. Na4 Bd6 15.
c4 Ne5 16. c5 Be7 17. Bf4 f6 18. exd5 exd5 19. Qh5 g6 20. Bxg6 hxg6 21. Bxe5
fxe5 22. Qxg6+ Kh8 23. Qh6+ Kg8 24. Qg6+ 1/2-1/2

[Event "76th ch-RUS 2023"]
[Site "St Petersburg RUS"]
[Date "2023.10.10"]
[Round "9.2"]
[White "Murzin, Volodar"]
[Black "Rozum, Ivan"]
[Result "1/2-1/2"]
[WhiteTitle "GM"]
[BlackTitle "GM"]
[WhiteElo "2633"]
[BlackElo "2531"]
[WhiteFideId "44155573"]
[BlackFideId "24104272"]
[EventDate "2023.10.01"]

1. e4 c6 2. d4 d5 3. e5 Bf5 4. h4 h5 5. c4 e6 6. Nc3 dxc4 7. Bxc4 Nd7 8. Nge2
Be7 9. Ng3 Bg6 10. Be2 Qb6 11. Bf4 Qxb2 12. Nge4 Nb6 13. Rb1 Qa3 14. Rb3 Qa5 15.
O-O Rd8 16. Bg5 f6 17. Bf4 Kf8 18. Nd6 Bxd6 19. exd6 Nh6 20. Bc1 Qf5 21. Na4
Nxa4 22. Bd3 Qd5 23. Bxg6 Nb6 24. Re1 Nf5 25. Bxf5 Qxf5 26. Re5 Qg4 27. f3 Qxh4
28. Rxe6 Qg3 29. Qd3 Kf7 30. Qe4 Rde8 31. Re7+ Rxe7 32. Qxe7+ Kg6 33. Qe4+ f5
34. Qe6+ Kh7 35. Qxf5+ Qg6 36. Qxg6+ Kxg6 37. Bf4 Rd8 38. Be5 Rd7 39. f4 Kf5 40.
Rh3 Kg4 41. Kh2 h4 42. g3 hxg3+ 43. Rxg3+ Kf5 44. Rg5+ Ke4 45. Kg3 Nc4 46. Kg4
Ne3+ 47. Kh5 Nf5 48. Kg4 1/2-1/2

[Event "76th ch-RUS 2023"]
[Site "St Petersburg RUS"]
[Date "2023.10.10"]
[Round "9.3"]
[White "Timofeev, Artyom"]
[Black "Sychev, Klementy"]
[Result "1/2-1/2"]
[WhiteTitle "GM"]
[BlackTitle "GM"]
[WhiteElo "2576"]
[BlackElo "2552"]
[WhiteFideId "4140419"]
[BlackFideId "4114060"]
[EventDate "2023.10.01"]

1. d4 Nf6 2. c4 g6 3. Nf3 Bg7 4. g3 c6 5. Bg2 d5 6. cxd5 cxd5 7. Ne5 O-O 8. Nc3
e6 9. O-O Nfd7 10. Nf3 Nf6 11. Ne5 Nfd7 12. Nf3 Nf6 1/2-1/2

[Event "76th ch-RUS 2023"]
[Site "St Petersburg RUS"]
[Date "2023.10.10"]
[Round "9.4"]
[White "Matlakov, Maxim"]
[Black "Tomashevsky, Evgeny"]
[Result "1/2-1/2"]
[WhiteTitle "GM"]
[BlackTitle "GM"]
[WhiteElo "2674"]
[BlackElo "2694"]
[WhiteFideId "4168003"]
[BlackFideId "4147235"]
[EventDate "2023.10.01"]

1. e4 e5 2. Nf3 Nc6 3. Bc4 Nf6 4. d3 Bc5 5. c3 d6 6. O-O O-O 7. Re1 a5 8. h3 Be6
9. Bb5 Ba7 10. d4 Bd7 11. Ba4 h6 12. Bc2 Re8 13. a4 Bb6 14. Be3 exd4 15. Bxd4
Nxd4 16. cxd4 c6 17. Nc3 Nh7 18. Qd3 Nf8 19. Rad1 Be6 20. Ne2 Ng6 21. Ng3 d5 22.
e5 c5 23. Nf5 Bxf5 24. Qxf5 Nf8 25. dxc5 Bxc5 26. Bb3 Qb6 27. Bxd5 Bxf2+ 28. Kh1
Qg6 29. Qxg6 Nxg6 30. Rf1 Bc5 31. Bxb7 Rab8 32. Bc6 Re6 33. Bd5 Re7 34. Rc1 Bb4
35. Rc6 Nxe5 36. Nxe5 Rxe5 37. Bxf7+ Kh8 38. Bg6 Re1 39. Rxe1 Bxe1 40. g4 Kg8
41. b3 Rf8 42. Re6 Bb4 43. h4 Rf6 44. Re8+ Rf8 45. Re5 Rf4 46. h5 Rf2 47. Kg1
Rf4 48. Kg2 Rf6 49. Rb5 Rf4 50. Rb8+ Rf8 51. Rb7 Rf4 52. Kg3 Rf1 53. Bd3 Bd6+
54. Kg2 Rf4 55. Bf5 Kf8 56. Rd7 Bc5 57. Rd5 Bb4 58. Kg3 Rf1 59. Rd7 Bc3 60. Bg6
Bb4 61. Rb7 Bd6+ 62. Kg2 Rf4 63. Rd7 Bc5 64. Rd2 Ke7 65. Rd5 Rxg4+ 66. Kf3 Rg5
67. Rxg5 hxg5 68. Ke4 1/2-1/2

[Event "76th ch-RUS 2023"]
[Site "St Petersburg RUS"]
[Date "2023.10.10"]
[Round "9.6"]
[White "Najer, Evgeniy"]
[Black "Goryachkina, Aleksandra"]
[Result "1-0"]
[WhiteTitle "GM"]
[BlackTitle "GM"]
[WhiteElo "2648"]
[BlackElo "2558"]
[WhiteFideId "4118987"]
[BlackFideId "4147103"]
[EventDate "2023.10.01"]

1. e4 e5 2. Nf3 Nc6 3. Bb5 Nf6 4. O-O Nxe4 5. d4 Nd6 6. dxe5 Nxb5 7. a4 d6 8. e6
Bxe6 9. axb5 Ne5 10. Nd4 Be7 11. f4 Nc4 12. Nc3 O-O 13. f5 Bd7 14. Nd5 Bf6 15.
Ra4 Nb6 16. Nxf6+ Qxf6 17. Ra3 c5 18. bxc6 bxc6 19. Ne2 c5 20. Rf2 Rfe8 21. Rg3
Bb5 22. Nc3 a6 23. Bg5 Qd4 24. Qc1 f6 25. Bd2 Ra7 26. h3 h5 27. b3 Rd7 28. Nxb5
axb5 29. Qd1 c4 30. Qxh5 Rf7 31. Rxg7+ Kxg7 32. Bh6+ Kg8 33. Qg6+ Kh8 34. Qxf7
Re1+ 35. Kh2 Qe5+ 36. Rf4 1-0

[Event "76th ch-RUS 2023"]
[Site "St Petersburg RUS"]
[Date "2023.10.11"]
[Round "10.1"]
[White "Ponkratov, Pavel"]
[Black "Goryachkina, Aleksandra"]
[Result "1/2-1/2"]
[WhiteTitle "GM"]
[BlackTitle "GM"]
[WhiteElo "2595"]
[BlackElo "2558"]
[WhiteFideId "4157800"]
[BlackFideId "4147103"]
[EventDate "2023.10.01"]

1. e4 e5 2. Nf3 Nc6 3. Bb5 Nf6 4. O-O Nxe4 5. d4 Nd6 6. dxe5 Nxb5 7. a4 Nbd4 8.
Nxd4 d6 9. Nxc6 bxc6 10. Re1 Be6 11. Qf3 Qd7 12. Bf4 Be7 13. Nd2 O-O 14. Qg3 Kh8
15. exd6 cxd6 16. Rad1 Rad8 17. Ne4 d5 18. Be3 Bg4 19. f3 Bf5 20. Qf2 Qb7 21.
Ng3 Bh4 22. Bxa7 Bxc2 23. Ra1 Rfe8 24. Rxe8+ Rxe8 25. Bd4 Bg6 26. a5 Bxg3 27.
hxg3 Qa6 28. Bc3 f6 29. g4 h6 30. Qb6 Bd3 31. Bd4 Bb5 32. b4 Kg8 33. Kh2 Bc4 34.
Qc7 Bd3 35. Rc1 Bc4 36. Ra1 Bd3 37. Qd7 Re2 38. Rc1 Bb5 39. Qd8+ Kh7 40. Qc7 Kg8
41. Qb8+ Kf7 42. Rc3 Re8 43. Qc7+ Re7 44. Qb6 Re6 45. Bf2 Qa8 46. Bc5 Qc8 47.
Qa7+ Kg8 48. Ra3 Ba6 49. Bd4 Re8 50. Re3 Rxe3 51. Bxe3 Bb5 52. Bd4 Qe8 53. Qc5
Qe1 54. Bf2 Qe5+ 55. Bg3 Qb2 56. Bf2 Qe5+ 57. Kh1 Qa1+ 58. Bg1 Qe1 59. Qd6 Kh7
60. Qf4 1/2-1/2

[Event "76th ch-RUS 2023"]
[Site "St Petersburg RUS"]
[Date "2023.10.11"]
[Round "10.2"]
[White "Artemiev, Vladislav"]
[Black "Najer, Evgeniy"]
[Result "1/2-1/2"]
[WhiteTitle "GM"]
[BlackTitle "GM"]
[WhiteElo "2697"]
[BlackElo "2648"]
[WhiteFideId "24101605"]
[BlackFideId "4118987"]
[EventDate "2023.10.01"]

1. d4 Nf6 2. c4 e6 3. Nf3 d5 4. Nc3 Bb4 5. e3 O-O 6. Be2 b6 7. O-O Bb7 8. a3 Bd6
9. b4 dxc4 10. Bxc4 Nbd7 11. Bb2 a6 12. d5 b5 13. dxe6 bxc4 14. exd7 Qxd7 15.
Ne2 Qf5 16. Ng3 Bxg3 17. hxg3 Rfd8 18. Qe2 Be4 19. Qxc4 Bd3 20. Qf4 Qxf4 21.
gxf4 Bxf1 22. Bxf6 gxf6 23. Kxf1 Rac8 24. Nd4 c5 25. Nb3 cxb4 26. axb4 Rd6 27.
Nc5 Rb6 28. Nd7 Rd6 29. Nc5 Rb6 30. Nd7 1/2-1/2

[Event "76th ch-RUS 2023"]
[Site "St Petersburg RUS"]
[Date "2023.10.11"]
[Round "10.3"]
[White "Tomashevsky, Evgeny"]
[Black "Esipenko, Andrey"]
[Result "1/2-1/2"]
[WhiteTitle "GM"]
[BlackTitle "GM"]
[WhiteElo "2694"]
[BlackElo "2683"]
[WhiteFideId "4147235"]
[BlackFideId "24175439"]
[EventDate "2023.10.01"]

1. e4 e5 2. Nf3 Nc6 3. Bb5 a6 4. Ba4 Nf6 5. O-O Be7 6. d3 b5 7. Bb3 d6 8. c3 O-O
9. h3 Bb7 10. a4 Na5 11. Ba2 c5 12. Bg5 h6 13. Bxf6 Bxf6 14. b4 cxb4 15. cxb4
Nc6 16. Bd5 Qd7 17. Qb3 Nd4 18. Nxd4 exd4 19. axb5 axb5 20. Nd2 Rfc8 21. Rxa8 1/2-1/2

[Event "76th ch-RUS 2023"]
[Site "St Petersburg RUS"]
[Date "2023.10.11"]
[Round "10.4"]
[White "Sychev, Klementy"]
[Black "Matlakov, Maxim"]
[Result "1/2-1/2"]
[WhiteTitle "GM"]
[BlackTitle "GM"]
[WhiteElo "2552"]
[BlackElo "2674"]
[WhiteFideId "4114060"]
[BlackFideId "4168003"]
[EventDate "2023.10.01"]

1. e4 c5 2. Nf3 e6 3. c3 d5 4. e5 d4 5. d3 Nc6 6. g3 Nge7 7. Bg2 Ng6 8. Qe2 Qc7
9. Na3 a6 10. O-O Ncxe5 11. Nxe5 Qxe5 12. Be4 Be7 13. h4 f5 14. Nc4 Qc7 15. Bf3
Ra7 16. a4 b5 17. axb5 axb5 18. Rxa7 Qxa7 19. Na3 O-O 20. h5 Nh8 21. h6 Bf6 22.
Nxb5 Qd7 23. c4 Nf7 24. hxg7 Bxg7 25. Bd2 e5 26. Bd5 Bb7 27. Bxb7 Qxb7 28. Qh5
e4 29. Bf4 exd3 30. Qd1 Be5 31. Qxd3 Bxf4 32. gxf4 Nh8 33. b4 Ng6 34. bxc5 Nxf4
35. Qg3+ Kh8 36. Kh2 Rg8 37. Nd6 Rxg3 38. Nxb7 Rh3+ 39. Kg1 Ne2+ 40. Kg2 Nf4+
41. Kg1 Ne2+ 1/2-1/2

[Event "76th ch-RUS 2023"]
[Site "St Petersburg RUS"]
[Date "2023.10.11"]
[Round "10.6"]
[White "Lagno, Kateryna"]
[Black "Murzin, Volodar"]
[Result "1/2-1/2"]
[WhiteTitle "GM"]
[BlackTitle "GM"]
[WhiteElo "2546"]
[BlackElo "2633"]
[WhiteFideId "14109336"]
[BlackFideId "44155573"]
[EventDate "2023.10.01"]

1. e4 c5 2. Nf3 e6 3. d4 cxd4 4. Nxd4 Nc6 5. Nc3 a6 6. Be2 d6 7. Be3 Nf6 8. g4
h6 9. f4 e5 10. Nxc6 bxc6 11. fxe5 dxe5 12. Qxd8+ Kxd8 13. O-O-O+ Kc7 14. Rhf1
Be6 15. Na4 Rb8 16. Bd2 Rb5 17. Nc3 Rb4 18. h3 Bc5 19. a3 Rd4 20. Bd3 Rhd8 21.
Ne2 Ra4 22. b4 Be7 23. Kb2 Rb8 24. c4 c5 25. Nc3 Rxa3 26. b5 Rd8 27. Rf3 Rxc3
28. Bxc3 Kb7 29. Bxe5 axb5 30. cxb5 Kb6 31. Rff1 Ne8 32. Be2 Rc8 33. Ra1 c4 34.
Kc2 Bf6 35. Bxf6 gxf6 36. Ra6+ Kxb5 37. Rfa1 1/2-1/2

[Event "76th ch-RUS 2023"]
[Site "St Petersburg RUS"]
[Date "2023.10.12"]
[Round "11.1"]
[White "Murzin, Volodar"]
[Black "Ponkratov, Pavel"]
[Result "1/2-1/2"]
[WhiteTitle "GM"]
[BlackTitle "GM"]
[WhiteElo "2633"]
[BlackElo "2595"]
[WhiteFideId "44155573"]
[BlackFideId "4157800"]
[EventDate "2023.10.01"]

1. e4 c5 2. Nf3 e6 3. d4 cxd4 4. Nxd4 Nc6 5. Nc3 Qc7 6. Be3 a6 7. Qf3 h5 8.
O-O-O Ne5 9. Qg3 h4 10. Qh3 b5 11. f4 Nc4 12. Bxc4 bxc4 13. g4 Rb8 14. g5 Qb7
15. f5 Qxb2+ 16. Kd2 Qa3 17. Qf3 Bb4 18. Ne2 e5 19. f6 gxf6 20. gxf6 Ba5 21.
Rhg1 d6 22. Rb1 Rb5 23. Qf2 Be6 24. Bg5 Qc5 25. Qxc5 dxc5 26. Ke3 Rxb1 27. Rxb1
Rh5 28. Rg1 Bd8 29. Na4 Nxf6 30. Bxf6 Bxf6 31. Nxc5 Bg5+ 32. Kf3 Bc8 33. Nc3 Ke7
34. Rb1 Rh8 35. Rb6 Kf8 36. Nd5 a5 37. Nb7 Bxb7 38. Rxb7 Kg7 39. a4 h3 40. Rc7
Rh4 41. Rxc4 f5 42. Rc7+ Kg6 43. Rc6+ Kh5 44. exf5 Rd4 45. Nc3 Rf4+ 46. Kg3 Bh4+
47. Kxh3 Rf3+ 48. Kg2 Rf2+ 49. Kg1 Rxc2 50. f6 Kg4 51. f7 Rc1+ 52. Kg2 Rc2+ 53.
Kg1 1/2-1/2

[Event "76th ch-RUS 2023"]
[Site "St Petersburg RUS"]
[Date "2023.10.12"]
[Round "11.3"]
[White "Matlakov, Maxim"]
[Black "Rozum, Ivan"]
[Result "1-0"]
[WhiteTitle "GM"]
[BlackTitle "GM"]
[WhiteElo "2674"]
[BlackElo "2531"]
[WhiteFideId "4168003"]
[BlackFideId "24104272"]
[EventDate "2023.10.01"]

1. e4 c5 2. Nf3 d6 3. d4 cxd4 4. Nxd4 Nf6 5. Nc3 a6 6. Bc4 e6 7. Be3 b5 8. Bb3
Be7 9. a3 O-O 10. Qe2 Bb7 11. f3 Nc6 12. O-O-O Na5 13. g4 Rc8 14. Kb1 Nd7 15. h4
Rxc3 16. bxc3 Qc7 17. h5 Nb6 18. Nxe6 fxe6 19. Bxe6+ Kh8 20. h6 g5 21. Bd4+ Bf6
22. Qe3 Na4 23. Bxf6+ Rxf6 24. Qxg5 Rxe6 25. Rxd6 Re7 26. Rd3 Nc6 27. Qf6+ Kg8
28. Rh5 Rf7 29. Rg5+ Kf8 30. Qh8+ Ke7 31. Rg8 Ke6 32. g5 Ne7 33. Re8 Bc6 34.
Red8 Qe5 35. R3d6+ Qxd6 36. Rxd6+ Kxd6 37. f4 Bxe4 38. Qb8+ Ke6 39. Kc1 Bg6 40.
c4 Rf5 41. Qa7 Kf7 42. Qxa6 Nc5 43. Qa7 bxc4 44. Kb2 Ne6 45. a4 Rxf4 46. a5 Nd4
47. Qc5 Nxc2 48. a6 Ne1 49. Qc7 Rf2+ 50. Kc3 Rc2+ 51. Kd4 Nf3+ 52. Kc5 Nd2 53.
a7 Ne4+ 54. Kb6 Ke6 55. Qd8 Rb2+ 56. Kc7 Ra2 57. Qd7+ Kf7 58. Kd8 Rd2 59. Qxd2
Nc6+ 60. Kc7 Nxd2 61. a8=Q Be4 62. Qa2 Nb3 63. Qe2 Bd3 64. Qh5+ Ke7 65. Kxc6 c3
66. g6 c2 67. Qe5+ Kd8 68. Qd6+ 1-0

[Event "76th ch-RUS 2023"]
[Site "St Petersburg RUS"]
[Date "2023.10.12"]
[Round "11.4"]
[White "Esipenko, Andrey"]
[Black "Sychev, Klementy"]
[Result "1-0"]
[WhiteTitle "GM"]
[BlackTitle "GM"]
[WhiteElo "2683"]
[BlackElo "2552"]
[WhiteFideId "24175439"]
[BlackFideId "4114060"]
[EventDate "2023.10.01"]

1. d4 d5 2. Nf3 Nf6 3. Bf4 c5 4. e3 Nc6 5. Nbd2 e6 6. c3 Be7 7. Ne5 Nd7 8. h4
Qb6 9. Rb1 cxd4 10. exd4 Ndxe5 11. dxe5 Bd7 12. Nf3 f6 13. Bd3 Rf8 14. exf6 gxf6
15. b4 Rg8 16. O-O O-O-O 17. Be3 Qc7 18. b5 Ne5 19. b6 axb6 20. Bxb6 Qd6 21.
Nxe5 fxe5 22. Bb5 e4 23. Qa4 Bxb5 24. Rxb5 Qf4 25. Qa8+ Kd7 26. Qxb7+ Ke8 27.
Bc7 Rd6 28. Qc8+ Kf7 29. Bxd6 Qxd6 30. Qb7 Qf4 31. g3 e3 32. Rb4 Qf3 33. Qc7 Kg6
34. Qxe7 exf2+ 35. Rxf2 1-0

[Event "76th ch-RUS 2023"]
[Site "St Petersburg RUS"]
[Date "2023.10.12"]
[Round "11.5"]
[White "Najer, Evgeniy"]
[Black "Tomashevsky, Evgeny"]
[Result "1/2-1/2"]
[WhiteTitle "GM"]
[BlackTitle "GM"]
[WhiteElo "2648"]
[BlackElo "2694"]
[WhiteFideId "4118987"]
[BlackFideId "4147235"]
[EventDate "2023.10.01"]

1. e4 e5 2. Nf3 Nc6 3. Bb5 a6 4. Ba4 Nf6 5. O-O Be7 6. d3 b5 7. Bb3 d6 8. a4 Bd7
9. c3 O-O 10. Bc2 Re8 11. Re1 h6 12. Nbd2 Bf8 13. h3 Rb8 14. Nf1 b4 15. d4 bxc3
16. bxc3 exd4 17. Nxd4 d5 18. Nxc6 Bxc6 19. e5 Ne4 20. f3 Nc5 21. f4 Qh4 22. Be3
Rb2 23. Re2 Reb8 24. Nh2 Ne4 25. Qd3 Bd7 26. Nf3 Qg3 27. c4 c6 28. cxd5 cxd5 29.
Bd4 Bxh3 30. Ne1 Qxd3 31. Bxd3 R2b4 32. Ba7 Ra8 33. Be3 Bd7 34. a5 Bb5 35. Bxb5
axb5 36. Bb6 Bc5+ 37. Bxc5 Nxc5 38. f5 Ra4 39. Rd1 d4 40. Rc2 Ne4 41. Nf3 R4xa5
42. Rxd4 Ra4 43. Rc7 Rxd4 44. Nxd4 Re8 45. e6 fxe6 46. fxe6 b4 47. Nf5 Rxe6 48.
Rxg7+ Kf8 49. Rb7 Rf6 1/2-1/2

[Event "76th ch-RUS 2023"]
[Site "St Petersburg RUS"]
[Date "2023.10.12"]
[Round "11.6"]
[White "Goryachkina, Aleksandra"]
[Black "Artemiev, Vladislav"]
[Result "1/2-1/2"]
[WhiteTitle "GM"]
[BlackTitle "GM"]
[WhiteElo "2558"]
[BlackElo "2697"]
[WhiteFideId "4147103"]
[BlackFideId "24101605"]
[EventDate "2023.10.01"]

1. d4 Nf6 2. c4 e6 3. g3 c5 4. d5 exd5 5. cxd5 d6 6. Nc3 g6 7. Nf3 Bg7 8. Bg2
O-O 9. O-O Re8 10. Re1 a6 11. a4 Nbd7 12. h3 Rb8 13. Bf4 Qc7 14. Rc1 b5 15. axb5
axb5 16. b4 Nh5 17. Bd2 Qa7 18. e3 Nhf6 19. Qb3 cxb4 20. Qxb4 Nc5 21. Nd4 Bd7
22. Ra1 Qb6 23. Reb1 Nfe4 24. Nxe4 Nxe4 25. Bc1 Rbc8 26. Ra3 h5 27. Bf1 Nxg3 28.
fxg3 Rxc1 29. Rxc1 Rxe3 30. Ra4 Rxg3+ 31. Kh1 Kh7 32. Ne2 Qf2 33. Nxg3 bxa4 34.
Qe1 Qf3+ 35. Bg2 Qf4 36. Rc7 Bb5 37. Ne4 a3 38. Rxf7 Qxf7 39. Ng5+ Kg8 40. Nxf7
a2 41. Nxd6 Bd7 42. Be4 a1=Q 43. Qxa1 Bxa1 44. Bxg6 1/2-1/2